000
00267nam a22001217a 4500
008
181106b xxu||||| |||| 00| 0 eng d
041
_a
eng
080
_2
4th
_a
611
100
_a
6
101
_a
ANA
245
_a
Pathologic Physiology
_c
Sodeman,W.A
942
_2
udc
_c
BK
999
_c
51928
_d
51928